[Event "Europe Echecs Blitz Sept op"]
[Site "Europe Echecs INT"]
[Date "2021.09.19"]
[Round "1"]
[White "Penet, Eric"]
[Black "Percheron, Andre"]
[Result "0-1"]
[WhiteElo "1274"]
[BlackElo "1851"]
[PlyCount "72"]
[EventDate "2021.09.19"]
[EventType "swiss (blitz)"]
[EventRounds "11"]
[EventCountry "FRA"]
[SourceTitle "CBM 204 Extra"]
[Source "ChessBase"]
[SourceDate "2021.11.30"]
[SourceVersion "1"]
[SourceVersionDate "2021.11.30"]
[SourceQuality "1"]

1. e4 c5 2. Nf3 Nc6 3. d4 cxd4 4. Nxd4 Nf6 5. Nc3 e5 6. Nb3 Bb4 7. Bg5 Bxc3+ 8. bxc3 h6 9. Bh4 g5 10. Bg3 Nxe4 11. Qf3 Nxg3 12. hxg3 d5 13. 0-0-0 Be6 14. Bb5 e4 15. Qe3 Qf6 16. Nd4 Rc8 17. Kb1 0-0 18. Rh5 Bg4 19. Rdh1 Bxh5 20. Rxh5 Nxd4 21. cxd4 a6 22. Ba4 Rc4 23. c3 Rfc8 24. Kb2 Qb6+ 25. Bb3 a5 26. Kc2 Rxc3+ 27. Qxc3 Rxc3+ 28. Kxc3 Qb4+ 29. Kc2 Qxd4 30. Rxh6 Qxf2+ 31. Kc3 d4+ 32. Kc4 e3 33. Rd6 e2 34. Rxd4 e1Q 35. Rd8+ Kg7 36. Re8 Qxe8 0-1

[Event "Europe Echecs Blitz Sept op"]
[Site "Europe Echecs INT"]
[Date "2021.09.19"]
[Round "6"]
[White "Percheron, Andre"]
[Black "Csano, Joseph"]
[Result "1-0"]
[WhiteElo "1851"]
[BlackElo "1490"]
[PlyCount "63"]
[EventDate "2021.09.19"]
[EventType "swiss (blitz)"]
[EventRounds "11"]
[EventCountry "FRA"]
[SourceTitle "CBM 204 Extra"]
[Source "ChessBase"]
[SourceDate "2021.11.30"]
[SourceVersion "1"]
[SourceVersionDate "2021.11.30"]
[SourceQuality "1"]

1. e4 c5 2. Nf3 Nc6 3. d4 cxd4 4. Nxd4 Nf6 5. Nc3 e5 6. Ndb5 d6 7. Nd5 Nxd5 8. exd5 Nb8 9. c4 a6 10. Nc3 Bf5 11. g3 Nd7 12. Bg2 Be7 13. 0-0 0-0 14. b3 Bg5 15. Bb2 Re8 16. Ne4 Bxe4 17. Bxe4 g6 18. h4 Bh6 19. h5 f5 20. Bg2 Bg7 21. Re1 Qg5 22. hxg6 hxg6 23. Ba3 Bf8 24. b4 Rac8 25. Rc1 e4 26. Rc2 Ne5 27. c5 Nd3 28. Re3 dxc5 29. bxc5 Bxc5 30. Bxc5 Nxc5 31. d6 Nd3 32. d7 1-0

[Event "Europe Echecs Blitz May op"]
[Site "Europe Echecs INT"]
[Date "2021.05.09"]
[Round "4"]
[White "Percheron, Andre"]
[Black "Barzic, Mickael"]
[Result "1-0"]
[WhiteElo "1851"]
[BlackElo "1544"]
[PlyCount "111"]
[EventDate "2021.05.09"]
[EventType "swiss (blitz)"]
[EventRounds "11"]
[EventCountry "FRA"]
[SourceTitle "CBM 202 Extra"]
[Source "ChessBase"]
[SourceDate "2021.07.31"]
[SourceVersion "1"]
[SourceVersionDate "2021.07.31"]
[SourceQuality "1"]

1. Nf3 c5 2. c4 d6 3. g3 g6 4. Bg2 Bg7 5. 0-0 Nf6 6. Nc3 0-0 7. b3 Nc6 8. Bb2 Bg4 9. h3 Bd7 10. d3 Qc8 11. Kh2 Nd8 12. Nd2 Ne6 13. f4 Nd4 14. e3 Nf5 15. Qe2 Nh5 16. g4 Nhg3 17. Qf2 Nxf1+ 18. Nxf1 Nh6 19. Ng3 f5 20. g5 Nf7 21. Nd5 Re8 22. Bxg7 Kxg7 23. Qb2+ e5 24. Nf6 Re6 25. Bd5 Rxf6 26. gxf6+ Kxf6 27. fxe5+ Nxe5 28. d4 Nd3 29. Qe2 Nb4 30. dxc5 dxc5 31. Qb2+ Kg5 32. Rg1 Kh6 33. Qf6 Nxd5 34. cxd5 Qg8 35. Qh4+ Kg7 36. Qe7+ Qf7 37. Qe5+ Kg8 38. Nh5 b6 39. Nf6+ Kf8 40. Nxd7+ Qxd7 41. Qh8+ Ke7 42. Qxa8 Qd6+ 43. Rg3 Qe5 44. Qb7+ Kd6 45. Qc6+ Ke7 46. Qe6+ Qxe6 47. dxe6 Kxe6 48. Kg2 Ke5 49. Kf2 Ke4 50. Ke2 a5 51. h4 b5 52. h5 c4 53. bxc4 bxc4 54. hxg6 hxg6 55. Rxg6 c3 56. Rc6 1-0

[Event "C'Chartres Blitz op April"]
[Site "Europe Echecs INT"]
[Date "2021.04.10"]
[Round "11"]
[White "Dauletova, Gulmira"]
[Black "Percheron, Andre"]
[Result "1-0"]
[WhiteElo "2285"]
[BlackElo "1851"]
[PlyCount "33"]
[EventDate "2021.04.10"]
[EventType "swiss (blitz)"]
[EventRounds "11"]
[EventCountry "FRA"]
[SourceTitle "CBM 201 Extra"]
[Source "ChessBase"]
[SourceDate "2021.05.31"]
[SourceVersion "1"]
[SourceVersionDate "2021.05.31"]
[SourceQuality "1"]

1. e4 e5 2. Nf3 Nc6 3. Bb5 Nf6 4. 0-0 Nxe4 5. d4 Nd6 6. dxe5 Nxe5 7. Nxe5 Nxb5 8. Nxf7 Kxf7 9. Qd5+ Ke8 10. Qh5+ g6 11. Qe5+ Qe7 12. Qxh8 Nd4 13. Nc3 Nxc2 14. Nd5 Qc5 15. Bh6 Nxa1 16. Re1+ Kf7 17. Qxh7+ 1-0

[Event "C'Chartres Blitz op April"]
[Site "Europe Echecs INT"]
[Date "2021.04.10"]
[Round "8"]
[White "Percheron, Andre"]
[Black "Csano, Joseph"]
[Result "1-0"]
[WhiteElo "1851"]
[BlackElo "1490"]
[PlyCount "57"]
[EventDate "2021.04.10"]
[EventType "swiss (blitz)"]
[EventRounds "11"]
[EventCountry "FRA"]
[SourceTitle "CBM 201 Extra"]
[Source "ChessBase"]
[SourceDate "2021.05.31"]
[SourceVersion "1"]
[SourceVersionDate "2021.05.31"]
[SourceQuality "1"]

1. d4 Nf6 2. c4 e6 3. Nf3 d5 4. Nc3 c6 5. Bg5 Be7 6. e3 Qa5 7. Ne5 Bb4 8. Qc2 Ne4 9. cxd5 Nxg5 10. a3 Bxc3+ 11. bxc3 cxd5 12. h4 Ne4 13. Rc1 Nc6 14. f3 Nf6 15. Bd3 Nxe5 16. dxe5 Nd7 17. f4 b6 18. 0-0 Ba6 19. f5 Bxd3 20. Qxd3 Nxe5 21. Qd4 f6 22. fxe6 Qc5 23. Qa4+ Ke7 24. c4 Qxe3+ 25. Kh1 Qd4 26. Rfd1 Qxh4+ 27. Kg1 Rhd8 28. Qb4+ Kxe6 29. cxd5+ 1-0

[Event "Cappelle Online Blitz op"]
[Site "Europe Echecs INT"]
[Date "2021.03.07"]
[Round "7"]
[White "Karavaeva, Olga"]
[Black "Percheron, Andre"]
[Result "1-0"]
[WhiteElo "2260"]
[BlackElo "1851"]
[PlyCount "137"]
[EventDate "2021.03.07"]
[EventType "swiss (blitz)"]
[EventRounds "11"]
[EventCountry "FRA"]
[SourceTitle "CBM 201 Extra"]
[Source "ChessBase"]
[SourceDate "2021.05.31"]
[SourceVersion "1"]
[SourceVersionDate "2021.05.31"]
[SourceQuality "1"]

1. c4 f5 2. Nc3 Nf6 3. g3 g6 4. Bg2 Bg7 5. Nf3 d6 6. 0-0 0-0 7. d4 Qe8 8. Re1 Qf7 9. b3 e5 10. dxe5 Ne4 11. Nxe4 fxe4 12. Ng5 Qe7 13. exd6 cxd6 14. Rb1 Qf6 15. Nxe4 Qe5 16. Bb2 Qh5 17. Bxg7 Kxg7 18. Qd4+ Kh6 19. Nxd6 Nc6 20. Qd2+ Kg7 21. Nxc8 Raxc8 22. Qd7+ Kh6 23. Qxb7 Ne5 24. f4 Ng4 25. h3 Ne3 26. Qxa7 Nc2 27. e4 Nxe1 28. Rxe1 Rcd8 29. Qe3 Rd1 30. g4 Rxe1+ 31. Qxe1 Qc5+ 32. Kh2 Rxf4 33. Qd2 Qe5 34. Kg1 Qa1+ 35. Kh2 Qe5 36. Qe3 g5 37. Qg3 Qb2 38. h4 Qxa2 39. Qd3 Qa6 40. hxg5+ Kxg5 41. Qd5+ Kxg4 42. e5 Qh6+ 43. Kg1 Rf5 44. Qd1+ Kg3 45. Qe1+ Kg4 46. e6 Rf6 47. Qe2+ Kg3 48. Qd3+ Kg4 49. Qe4+ Kg3 50. Qe5+ Kg4 51. Qd4+ Kg3 52. Qd3+ Kg4 53. e7 Qc1+ 54. Bf1 Rg6 55. Qxg6+ hxg6 56. e8Q Qf4 57. Qe6+ Kg5 58. Qd5+ Kh6 59. Qd3 Qg5+ 60. Kh1 Kg7 61. b4 Qe5 62. Qd7+ Kh6 63. Qd5 Qg3 64. Bg2 Qe1+ 65. Kh2 Qh4+ 66. Bh3 Qf4+ 67. Kg2 Qg5+ 68. Qxg5+ Kxg5 69. b5 1-0

[Event "Cappelle Online Blitz op"]
[Site "Europe Echecs INT"]
[Date "2021.03.07"]
[Round "10"]
[White "Percheron, Andre"]
[Black "Morata, Jules"]
[Result "1-0"]
[WhiteElo "1851"]
[BlackElo "1568"]
[PlyCount "69"]
[EventDate "2021.03.07"]
[EventType "swiss (blitz)"]
[EventRounds "11"]
[EventCountry "FRA"]
[SourceTitle "CBM 201 Extra"]
[Source "ChessBase"]
[SourceDate "2021.05.31"]
[SourceVersion "1"]
[SourceVersionDate "2021.05.31"]
[SourceQuality "1"]

1. e4 d5 2. exd5 Qxd5 3. Nc3 Qa5 4. d4 Nf6 5. h3 Bf5 6. Nf3 e6 7. Bd2 c6 8. Bc4 Nbd7 9. 0-0 Qc7 10. Re1 0-0-0 11. a4 Bd6 12. a5 h6 13. a6 b6 14. Qe2 Nd5 15. Nxd5 exd5 16. Bd3 Be6 17. c4 dxc4 18. Bxc4 Bxc4 19. Qxc4 Nb8 20. Rac1 Rhe8 21. b4 b5 22. Qa2 Rxe1+ 23. Bxe1 Bf4 24. Rc5 Bd6 25. Rc2 Qb6 26. d5 Re8 27. dxc6 Re7 28. Qd5 Kc7 29. Bc3 Nxa6 30. Nd4 Bxb4 31. Nxb5+ Kb8 32. Be5+ Ka8 33. c7+ Qb7 34. c8Q+ Nb8 35. Qxb8# 1-0

[Event "Cappelle Online Blitz op"]
[Site "Europe Echecs INT"]
[Date "2021.03.07"]
[Round "1"]
[White "Percheron, Andre"]
[Black "Vakhidov, Jahongir"]
[Result "0-1"]
[WhiteElo "1851"]
[BlackElo "2533"]
[PlyCount "78"]
[EventDate "2021.03.07"]
[EventType "swiss (blitz)"]
[EventRounds "11"]
[EventCountry "FRA"]
[SourceTitle "CBM 201 Extra"]
[Source "ChessBase"]
[SourceDate "2021.05.31"]
[SourceVersion "1"]
[SourceVersionDate "2021.05.31"]
[SourceQuality "1"]

1. Nf3 c5 2. g3 g6 3. Bg2 Bg7 4. c4 Nc6 5. Nc3 d6 6. 0-0 Rb8 7. e3 Nh6 8. d4 cxd4 9. Nxd4 Nxd4 10. exd4 Nf5 11. Be3 0-0 12. b3 Nxe3 13. fxe3 a6 14. Rc1 Bd7 15. Ne2 Qa5 16. Qc2 Rfc8 17. Nc3 Bc6 18. Qf2 Rf8 19. Ne4 Rbc8 20. c5 d5 21. Ng5 h6 22. Nh3 e6 23. Nf4 Qc7 24. Bh3 Qe7 25. Nd3 Rce8 26. Qf4 Kh7 27. Ne5 Bb5 28. Rf2 f6 29. Ng4 h5 30. a4 hxg4 31. Bxg4 Bd3 32. h4 Be4 33. h5 e5 34. hxg6+ Kg8 35. dxe5 fxe5 36. Be6+ Qxe6 37. Qh4 Qxg6 38. Rh2 Rf3 39. Qh8+ Bxh8 0-1

[Event "Ville d'Orsay online Blitz"]
[Site "Europe Echecs INT"]
[Date "2021.02.07"]
[Round "7"]
[White "Daulyte Cornette, Deimante"]
[Black "Percheron, Andre"]
[Result "1-0"]
[WhiteElo "2387"]
[BlackElo "1851"]
[PlyCount "33"]
[EventDate "2021.02.07"]
[EventType "swiss (blitz)"]
[EventRounds "11"]
[EventCountry "FRA"]
[SourceTitle "CBM 200 Extra"]
[Source "ChessBase"]
[SourceDate "2021.03.31"]
[SourceVersion "1"]
[SourceVersionDate "2021.03.31"]
[SourceQuality "1"]

1. e4 c5 2. Nc3 Nc6 3. Bb5 Nd4 4. Nf3 Nxb5 5. Nxb5 a6 6. Nc3 e6 7. d4 cxd4 8. Qxd4 Nf6 9. Bg5 Be7 10. e5 Nh5 11. Bxe7 Qxe7 12. g4 g6 13. gxh5 gxh5 14. 0-0-0 b5 15. Ne4 0-0 16. Nf6+ Kh8 17. Qe4 1-0

[Event "Ville d'Orsay online Blitz"]
[Site "Europe Echecs INT"]
[Date "2021.02.07"]
[Round "9"]
[White "Doluhanova, Evgeniya"]
[Black "Percheron, Andre"]
[Result "1-0"]
[WhiteElo "2212"]
[BlackElo "1851"]
[PlyCount "71"]
[EventDate "2021.02.07"]
[EventType "swiss (blitz)"]
[EventRounds "11"]
[EventCountry "FRA"]
[SourceTitle "CBM 200 Extra"]
[Source "ChessBase"]
[SourceDate "2021.03.31"]
[SourceVersion "1"]
[SourceVersionDate "2021.03.31"]
[SourceQuality "1"]

1. Nf3 Nf6 2. c4 e6 3. Nc3 c6 4. g3 d5 5. Bg2 Be7 6. 0-0 0-0 7. d3 b6 8. b3 Bb7 9. Bb2 Nbd7 10. Rc1 Re8 11. e4 dxe4 12. Nxe4 Nxe4 13. dxe4 e5 14. Rc2 Qc7 15. Rd2 Rad8 16. Bh3 Bc8 17. Bxd7 Bxd7 18. Bxe5 Qc8 19. Qa1 Bg4 20. Rxd8 Bxd8 21. Nd2 f6 22. Bc3 Bh3 23. Re1 Qg4 24. Qd1 Qg6 25. Qf3 Bc7 26. Nf1 Bg4 27. Qe3 f5 28. e5 f4 29. Qxf4 Rf8 30. Qe4 Qh5 31. Ne3 Bf3 32. Qd4 c5 33. Qd7 Bxe5 34. Qe6+ Kh8 35. Qxe5 Qh3 36. Qxg7# 1-0

[Event "Cappelle Online Blitz op 1st"]
[Site "Europe Echecs INT"]
[Date "2021.01.10"]
[Round "5"]
[White "Chomienne, Pierre Jerome"]
[Black "Percheron, Andre"]
[Result "0-1"]
[WhiteElo "1209"]
[BlackElo "1851"]
[PlyCount "80"]
[EventDate "2021.01.10"]
[EventType "swiss (blitz)"]
[EventRounds "11"]
[EventCountry "FRA"]
[SourceTitle "CBM 200 Extra"]
[Source "ChessBase"]
[SourceDate "2021.03.31"]
[SourceVersion "1"]
[SourceVersionDate "2021.03.31"]
[SourceQuality "1"]

1. d4 f5 2. Nf3 Nf6 3. c4 d6 4. Nc3 g6 5. Bg5 Bg7 6. Bxf6 Bxf6 7. e3 0-0 8. Be2 Nc6 9. a3 e6 10. 0-0 Bd7 11. d5 Ne5 12. dxe6 Bxe6 13. Nxe5 dxe5 14. Qb3 b6 15. Rad1 Qe8 16. Nd5 Qf7 17. Nxf6+ Qxf6 18. Bf3 e4 19. Be2 f4 20. Qc3 f3 21. Qxf6 Rxf6 22. gxf3 exf3 23. Bd3 Bh3 24. Rfe1 Re8 25. b4 Re5 26. Bf1 Rg5+ 27. Kh1 Bg2+ 28. Bxg2 Rxg2 29. Rd8+ Kf7 30. Rd7+ Ke8 31. Rxc7 Rxf2 32. Kg1 Re2 33. Kf1 Rxh2 34. Rc8+ Kd7 35. Rh8 f2 36. Rd1+ Kc7 37. Re8 Rh1+ 38. Ke2 Rxd1 39. Re7+ Rd7 40. Re8 f1Q# 0-1

[Event "Cappelle Online Blitz op 1st"]
[Site "Europe Echecs INT"]
[Date "2021.01.10"]
[Round "4"]
[White "Percheron, Andre"]
[Black "Doluhanova, Evgeniya"]
[Result "0-1"]
[WhiteElo "1851"]
[BlackElo "2192"]
[PlyCount "58"]
[EventDate "2021.01.10"]
[EventType "swiss (blitz)"]
[EventRounds "11"]
[EventCountry "FRA"]
[SourceTitle "CBM 200 Extra"]
[Source "ChessBase"]
[SourceDate "2021.03.31"]
[SourceVersion "1"]
[SourceVersionDate "2021.03.31"]
[SourceQuality "1"]

1. Nf3 Nf6 2. c4 e6 3. g3 d5 4. Bg2 dxc4 5. Qa4+ Bd7 6. Qxc4 c5 7. 0-0 Bc6 8. d3 Nbd7 9. e4 Be7 10. Be3 Rc8 11. Nbd2 0-0 12. Rfd1 b5 13. Qc3 Qc7 14. Rac1 Rfd8 15. Nb3 c4 16. Nbd4 Nb6 17. Nxc6 Qxc6 18. Nd4 Qe8 19. dxc4 Nxc4 20. b3 Nxe3 21. Qxe3 Bc5 22. e5 Nd5 23. Qg5 h6 24. Qh4 b4 25. Qe4 Nc3 26. Rxc3 bxc3 27. Bf1 Bxd4 28. Rxd4 Rxd4 29. Qxd4 c2 0-1

[Event "Cappelle Online Blitz op 1st"]
[Site "Europe Echecs INT"]
[Date "2021.01.10"]
[Round "8"]
[White "Percheron, Andre"]
[Black "Lazov, Toni"]
[Result "0-1"]
[WhiteElo "1851"]
[BlackElo "2405"]
[PlyCount "66"]
[EventDate "2021.01.10"]
[EventType "swiss (blitz)"]
[EventRounds "11"]
[EventCountry "FRA"]
[SourceTitle "CBM 200 Extra"]
[Source "ChessBase"]
[SourceDate "2021.03.31"]
[SourceVersion "1"]
[SourceVersionDate "2021.03.31"]
[SourceQuality "1"]

1. Nf3 d6 2. c4 e5 3. d3 Be7 4. g3 f5 5. Bg2 Nf6 6. b3 0-0 7. Bb2 Qe8 8. 0-0 Nc6 9. Nbd2 Qh5 10. e3 f4 11. Nh4 Qh6 12. exf4 exf4 13. Re1 Bd8 14. Bxf6 Bxf6 15. Bd5+ Kh8 16. Rc1 Bxh4 17. gxh4 Qxh4 18. Qf3 Bg4 19. Qg2 Bh3 20. Qf3 Rf6 21. Ne4 Rg6+ 22. Ng3 fxg3 23. fxg3 Ne5 24. Qe4 Qxe4 25. Bxe4 Rf6 26. d4 Nf3+ 27. Bxf3 Rxf3 28. Re7 Raf8 29. Ree1 h5 30. c5 d5 31. b4 Rf2 32. a4 Rg2+ 33. Kh1 Rff2 0-1

[Event "Cappelle Online Blitz op 1st"]
[Site "Europe Echecs INT"]
[Date "2021.01.10"]
[Round "2"]
[White "Percheron, Andre"]
[Black "Roos, Adrian"]
[Result "1-0"]
[WhiteElo "1851"]
[BlackElo "2303"]
[PlyCount "91"]
[EventDate "2021.01.10"]
[EventType "swiss (blitz)"]
[EventRounds "11"]
[EventCountry "FRA"]
[SourceTitle "CBM 200 Extra"]
[Source "ChessBase"]
[SourceDate "2021.03.31"]
[SourceVersion "1"]
[SourceVersionDate "2021.03.31"]
[SourceQuality "1"]

1. Nf3 Nf6 2. c4 e6 3. g3 d5 4. Bg2 Be7 5. b3 0-0 6. Bb2 b6 7. 0-0 Bb7 8. Nc3 d4 9. Nb5 c5 10. d3 a6 11. Na3 Bd6 12. e4 e5 13. Nh4 g6 14. Nc2 Bc8 15. Bc1 Ne8 16. Bh6 Ng7 17. f4 f6 18. f5 Qe8 19. Ne1 Nc6 20. Nef3 g5 21. Nxg5 fxg5 22. Bxg5 Kh8 23. f6 Ne6 24. Bh6 Rf7 25. Nf5 Bf8 26. Qh5 Bd7 27. Ng7 Bxg7 28. fxg7+ Nxg7 29. Qxf7 Ne6 30. Qxe8+ Bxe8 31. Bh3 Ncd8 32. Bxe6 Nxe6 33. Rf6 Bd7 34. Raf1 Kg8 35. R6f5 b5 36. Rxe5 bxc4 37. bxc4 Rb8 38. Rd5 Be8 39. Rd6 Bf7 40. Rd7 Bg6 41. Re7 Nc7 42. Rxc7 a5 43. Ra7 a4 44. Rxa4 Re8 45. Ra7 Bf7 46. Raxf7 1-0

[Event "C'Chartres Blitz op"]
[Site "Europe Echecs INT"]
[Date "2020.11.28"]
[Round "5"]
[White "Devallee, Jeremie"]
[Black "Percheron, Andre"]
[Result "1-0"]
[WhiteElo "2220"]
[BlackElo "1851"]
[PlyCount "61"]
[EventDate "2020.11.28"]
[EventType "swiss (blitz)"]
[EventRounds "11"]
[EventCountry "FRA"]
[SourceTitle "CBM 199 Extra"]
[Source "ChessBase"]
[SourceDate "2021.01.31"]
[SourceVersion "1"]
[SourceVersionDate "2021.01.31"]
[SourceQuality "1"]

1. e4 c5 2. d4 cxd4 3. c3 dxc3 4. Nxc3 Nc6 5. Nf3 d6 6. Bc4 e6 7. 0-0 Nf6 8. Qe2 Be7 9. Rd1 e5 10. Be3 0-0 11. b4 Bg4 12. a3 a6 13. h3 Bxf3 14. Qxf3 Qc7 15. Nd5 Nxd5 16. Bxd5 Bf6 17. Rac1 Rac8 18. a4 Qe7 19. b5 axb5 20. axb5 Nd4 21. Bxd4 exd4 22. b6 Rc3 23. Qg4 g6 24. Ra1 h5 25. Qxg6+ Bg7 26. Qxh5 d3 27. Ra7 Qf6 28. Qf3 Qh6 29. Rxd3 Qc1+ 30. Qd1 Qxd1+ 31. Rxd1 1-0

[Event "C'Chartres Blitz op"]
[Site "Europe Echecs INT"]
[Date "2020.11.28"]
[Round "10"]
[White "Percheron, Andre"]
[Black "Daverio, Edoardo"]
[Result "1-0"]
[WhiteElo "1851"]
[BlackElo "1984"]
[PlyCount "83"]
[EventDate "2020.11.28"]
[EventType "swiss (blitz)"]
[EventRounds "11"]
[EventCountry "FRA"]
[SourceTitle "CBM 199 Extra"]
[Source "ChessBase"]
[SourceDate "2021.01.31"]
[SourceVersion "1"]
[SourceVersionDate "2021.01.31"]
[SourceQuality "1"]

1. e4 c5 2. Nf3 e6 3. d4 cxd4 4. Nxd4 Nf6 5. Nc3 Nc6 6. Be3 Bb4 7. Ndb5 d5 8. exd5 Nxd5 9. Bd2 0-0 10. a3 Nxc3 11. Nxc3 Be7 12. Bd3 a6 13. h4 Ne5 14. Bxh7+ Kxh7 15. Qh5+ Kg8 16. Qxe5 Bf6 17. Qg3 Qb6 18. 0-0-0 Rd8 19. h5 Bd7 20. h6 g6 21. Bg5 e5 22. Ne4 Bxg5+ 23. Qxg5 Bf5 24. Rxd8+ Rxd8 25. Qf6 Qxf6 26. Nxf6+ Kh8 27. Rd1 Rxd1+ 28. Kxd1 Be6 29. g4 b6 30. g5 Bf5 31. Kd2 b5 32. b3 a5 33. c4 bxc4 34. bxc4 Be6 35. c5 Bd7 36. Kc3 Bc6 37. Kc4 e4 38. Kd4 Bb7 39. Nxe4 f5 40. gxf6 Kh7 41. Nd6 Bf3 42. f7 1-0

[Event "Europe Echecs Blitz Nov op"]
[Site "Europe Echecs INT"]
[Date "2020.11.08"]
[Round "3"]
[White "Percheron, Andre"]
[Black "Eden, James"]
[Result "0-1"]
[WhiteElo "1851"]
[BlackElo "2323"]
[PlyCount "94"]
[EventDate "2020.11.08"]
[EventType "swiss (blitz)"]
[EventRounds "11"]
[EventCountry "FRA"]
[SourceTitle "CBM 199 Extra"]
[Source "ChessBase"]
[SourceDate "2021.01.31"]
[SourceVersion "1"]
[SourceVersionDate "2021.01.31"]
[SourceQuality "1"]

1. Nf3 Nf6 2. c4 c6 3. g3 d5 4. Bg2 Bg4 5. Qb3 Qb6 6. d3 e6 7. Be3 Qa6 8. 0-0 Nbd7 9. Nbd2 Be7 10. h3 Bh5 11. g4 Bg6 12. g5 Nh5 13. Nh4 0-0 14. Nxg6 hxg6 15. f4 Ng3 16. Rf2 Nf5 17. Nf1 Nxe3 18. Nxe3 Bc5 19. Rf3 Qb6 20. Qxb6 Nxb6 21. b3 a5 22. Kh2 a4 23. Rb1 axb3 24. axb3 Ra2 25. b4 Bd4 26. c5 Rxe2 27. cxb6 Rxe3 28. b5 c5 29. Rxe3 Bxe3 30. Kg3 Ra8 31. Kf3 Bd4 32. Bf1 Ra2 33. Be2 Kf8 34. Rb3 Ke7 35. h4 Ra1 36. Kg3 Re1 37. Kf3 Ra1 38. Kg3 e5 39. fxe5 Bxe5+ 40. Kf3 Rh1 41. Kg4 Rh2 42. Bf3 Kd6 43. Ra3 f5+ 44. gxf6 Bxf6 45. Ra8 Rxh4+ 46. Kg3 Rb4 47. Rd8+ Ke7 0-1